|
|
|
|
| LEADER |
00000nam0a2200000 4500 |
| 001 |
117705 |
| 005 |
20231101215423.0 |
| 010 |
|
|
|a 5769522747
|
| 035 |
|
|
|a (RuTPU)RU\TPU\book\127409
|
| 090 |
|
|
|a 117705
|
| 100 |
|
|
|a 20070606d2005 m y0rusy50 ca
|
| 101 |
0 |
|
|a rus
|
| 102 |
|
|
|a RU
|
| 105 |
|
|
|a a j 001zy
|
| 200 |
1 |
|
|a Формирование стабильных частот и сигналов
|e учебное пособие
|f Л. А. Белов
|
| 210 |
|
|
|a Москва
|c Академия
|d 2005
|
| 215 |
|
|
|a 224 с.
|c ил.
|
| 225 |
1 |
|
|a Высшее профессиональное образование. Радиоэлектроника
|
| 320 |
|
|
|a Список литературы: с. 218-220.
|
| 330 |
|
|
|a Изложены основы теории сигналов, принципы построения аналоговых и цифровых устройств формирования сигналов с чистым спектром, синтезаторов гармонических колебаний с точными значениями средней частоты, сетки переключаемых дискретных частот, модулированных по частоте гармонических колебаний, в том числе на основе систем фазовой автоподстройки частоты. Рассмотрены синтезаторы периодических колебаний негармонической формы. Дан обзор моделей синтезаторов, частот и сигналов, предлагаемых на мировом рынке электронных компонентов. Для студентов высших учебных заведений. Может быть полезно специалистам в области формирования и обработки сигналов.
|
| 606 |
1 |
|
|a Радиосигналы
|2 stltpush
|3 (RuTPU)RU\TPU\subj\72439
|9 85955
|
| 610 |
1 |
|
|a сигналы
|
| 610 |
1 |
|
|a характеристика
|
| 610 |
1 |
|
|a опорные колебания
|
| 610 |
1 |
|
|a источники
|
| 610 |
1 |
|
|a синтезаторы
|
| 610 |
1 |
|
|a функциональные узлы
|
| 610 |
1 |
|
|a сверхширокополосные сигналы
|
| 610 |
1 |
|
|a цифровые вычислительные синтезаторы
|
| 610 |
1 |
|
|a сложные сигналы
|
| 610 |
1 |
|
|a сверхширокополосные устройства
|
| 610 |
1 |
|
|a формирование
|
| 610 |
1 |
|
|a учебные пособия
|
| 610 |
1 |
|
|a аналоговые устройства
|
| 610 |
1 |
|
|a цифровые устройства
|
| 675 |
|
|
|a 621.372(075.8)
|v 3
|
| 700 |
|
1 |
|a Белов
|b Л. А.
|g Леонид Алексеевич
|
| 801 |
|
1 |
|a RU
|b 63413507
|c 20070606
|g PSBO
|
| 801 |
|
2 |
|a RU
|b 63413507
|c 20130404
|g PSBO
|
| 900 |
|
|
|a Цифровые устройства
|
| 900 |
|
|
|a Радиотехника
|
| 900 |
|
|
|a Радиотехника и электроника
|
| 942 |
|
|
|c BK
|
| 952 |
|
|
|b 210301
|b 210303
|b 210304
|b 210305
|b 210300
|b 210302
|
| 959 |
|
|
|a 47/20070604
|d 1
|e 185,90
|f ЧЗТЛ:1
|